000
00237nam a2200121Ia 4500
100
_a
#N/A
650
_a
Computer/ IT
942
_c
BK
654
_a
movies
245
_a
Digit June 2008 7 Free Moves
260
_b
#N/A
546
_a
ENGLISH
999
_c
28678
_d
28678